Derecho civil
Salvato in:
| Autore principale: | |
|---|---|
| Natura: | Libro |
| Lingua: | spagnolo |
| Pubblicazione: |
Madrid
Realigraf
1984
|
| Soggetti: | |
| Tags: |
Aggiungi Tag
Nessun Tag, puoi essere il primo ad aggiungerne!!
|
MARC
| LEADER | 00000nam a2200000 a 4500 | ||
|---|---|---|---|
| 001 | UCY7058 | ||
| 003 | CL-VaPUC | ||
| 005 | 20240822093803.0 | ||
| 008 | 950609e19840000SP |||||||||||||||||spa|d | ||
| 999 | |c 234527 |d 234525 | ||
| 040 | |c Pontificia Universidad Católica de Valparaíso | ||
| 082 | 0 | 4 | |a 346.46 |b RUI |2 21 |
| 100 | 0 | |a Ruiz Serramalera, Ricardo |e author |9 337327 | |
| 245 | 1 | 0 | |a Derecho civil |
| 260 | |a Madrid |b Realigraf |c 1984 | ||
| 300 | |a 2 v | ||
| 583 | |a last modification |c 19950609 00:00:00 |k Rodrigo Vera | ||
| 650 | 0 | |a Derecho civil |9 255013 | |
| 651 | 0 | |a España |9 254926 | |
| 942 | |c BK |2 ddc | ||
| 945 | |d 19950609 00:00:00 |a aalvarez | ||
| 952 | |0 0 |1 0 |4 0 |6 346_460000000000000_RUI_1984 |7 0 |8 A |9 240969 |a BIBDER |b BIBDER |d 2019-11-18 |h v.1 |i 2001551 |o 346.46 RUI 1984 |p 2001551 |r 2019-11-18 |w 2019-11-18 |y BK |k DER | ||
| 952 | |0 0 |1 0 |4 0 |6 346_460000000000000_RUI_1984 |7 0 |8 A |9 240970 |a BIBDER |b BIBDER |d 2019-11-18 |h v.2 |i 2001616 |o 346.46 RUI 1984 |p 2001616 |r 2019-11-18 |w 2019-11-18 |y BK |k DER | ||